| 000 | 01234nam a22002177a 4500 | ||
|---|---|---|---|
| 999 |
_c59694 _d59694 |
||
| 003 | Ge_BSU | ||
| 005 | 20230403154723.0 | ||
| 008 | 230403s2012 ge ||||| |||| 00| 0 geo d | ||
| 020 | _a9789941436437 | ||
| 041 | _ageo | ||
| 080 | _a53(479.22)(092)+ 821.353.1-94 +821.353.1-1 ხ-39 | ||
| 100 |
_aხელაშვილი, ანზორ _917440 |
||
| 245 |
_a"მომავალიც იმისია, ვინც..." : _bეძღვნება აკადემიკოს ალბერტ (ალეკო) თავხელიძეს / _c ანზორ ხელაშვილი ; რედაქტორი პარმენ მარგველაშვილი. |
||
| 264 |
_aთბილისი : _bნეკერი, _c2012. |
||
| 300 |
_a146 გვ. : _b ილ. ; +1 DVD _c20 სმ. |
||
| 501 | _aილუსტრაციები: გვ. 119-141. | ||
| 653 | _aთავხელიძე, ალბერტ, ფიზიკოსი, აკადემიკოსი 1930-2010. | ||
| 653 | _aქართველი ფიზიკოსები | ||
| 700 |
_aმარგველაშვილი, პარმენ _eრედაქტორი _917441 |
||
| 942 |
_2udc _cBK |
||